000 01172nam a22002657a 4500
005 20170823172241.0
008 170823b2017 CK ||||| |||| 00| 0 spa d
020 _a9789588290720
040 _aCO-BoIAVH
_cCO-BoIAVH
041 _aspa
082 _a509.861
_bC94c
110 _aDepartamento Administrativo de Ciencia, Tecnología e Innovación -Colciencias
245 1 0 _aConsideraciones para la promoción de la conducta responsable en ciencia, tecnología e innovación
260 _aBogotá:
_bDepartamento Administrativo de Ciencia, Tecnología e Innovación -Colciencias,
_c2017.
300 _a44. páginas
_c24 x 16
650 1 4 _aInvestigación cientifica
_xNormas
_xPolíticas
650 1 4 _aInvestigación científica
_xBuenas practicas
650 1 4 _a Investigación científica
_xFalsificación
650 1 4 _aInvestigación científica
_xFraude
650 1 4 _aInvestigación cientifica
_xPlagio
650 1 4 _aInvestigación científica
_xPublicaciones
650 1 4 _aInvestigación científica
_xLeyes naturales
650 1 4 _aIntegridad Científica
_xTransparencia
942 _2ddc
_cLIBRO
999 _c19769
_d19769